| 000 | 01665nam0a2200313 4500 | ||
|---|---|---|---|
| 001 | RU\NLR\bibl\471650 | ||
| 005 | 20250623190505.0 | ||
| 010 |
_a5-89368-421-4 _975 |
||
| 021 |
_aRU _b2003-62696 _93075 |
||
| 035 | _a(NLR Aleph) 000464824 | ||
| 090 |
_a956650 _c956650 |
||
| 100 | _a20031215d2003 |||y0rusy50 ca | ||
| 101 | 0 | _arus | |
| 102 | _aRU | ||
| 105 | _aa ||||||||| | ||
| 200 | 1 |
_aПроектирование печатных плат с использованием САПР Р-CAD _eПрактикум для студентов спец. 210100 _fВ.П. Галас, А.Б. Градусов _gМ-во образования Рос. Федерации, Владим. гос. ун-т |
|
| 210 |
_aВладимир _cВладим. гос. ун-т _d2003 |
||
| 215 |
_a63 с. _cил. _d20 |
||
| 320 | _aБиблиогр.: с. 39 (3 назв.) | ||
| 606 | 0 |
_aP-CAD, система автоматизированного проектирования печатных плат _jРуководства, пособия и т.п. для высшей школы _92135885 _3RU\NLR\auth\661287953 |
|
| 606 | 0 |
_aP-CAD, система автоматизированного проектирования печатных плат _jУчебные издания для высших учебных заведений _92135885 _3RU\NLR\auth\661287953 |
|
| 686 | _aЗ844.16-02-5-05я73-1 | ||
| 700 | 1 |
_aГалас _bВ. П. _gВалерий Петрович _4070 |
|
| 701 | 1 |
_aГрадусов _bА. Б. _gАлександр Борисович _4070 |
|
| 801 | 0 |
_aRU _bNLR _c20031215 _gPSBO |
|
| 801 | 1 |
_aRU _bNLR _c20031215 |
|
| 942 | _cBOOK | ||
| 980 | _aNB | ||